MAASAI MARA UNIVERSITY

LIBRARY CATALOGUE

Contact Us: +254 020 2685356/7 or 0774 057787

Box: 861-20500, NAROK, KENYA

Email: info@mmarau.ac.ke

Schwarze,Steve (Record no. 4056)

MARC details
000 -LEADER
fixed length control field 00419nam a2200145Ia 4500
008 - FIXED-LENGTH DATA ELEMENTS--GENERAL INFORMATION
fixed length control field 151015s9999 xx 000 0 und d
020 ## - INTERNATIONAL STANDARD BOOK NUMBER
International Standard Book Number 9.7802055671e+012
050 ## - LIBRARY OF CONGRESS CALL NUMBER
Classification number PN 4129.15 .S36 2012
245 ## - TITLE STATEMENT
Title Schwarze,Steve
250 ## - EDITION STATEMENT
Edition statement _Speaking in the public sphere Steve Schwarze
300 ## - PHYSICAL DESCRIPTION
Extent Boston Pearson 2012
500 ## - GENERAL NOTE
General note includes index.
650 ## - SUBJECT ADDED ENTRY--TOPICAL TERM
Topical term or geographic name as entry element _Public speaking
700 ## - ADDED ENTRY--PERSONAL NAME
Personal name ^d20130430 04:49:28^oanne

No items available.

© 2016 Maasai Mara University.